| 000 | 01177nam0a2200325 i 4500 | ||
|---|---|---|---|
| 001 | RU\NLR\bibl\1983009 | ||
| 005 | 20260406081806.0 | ||
| 010 |
_a9785699601691 _bЭксмо |
||
| 010 |
_a978-5-94824-180-7 _96000 |
||
| 021 |
_aRU _b2012-92314 _9590д/12 |
||
| 035 | _a(NLR Aleph) 001971665 | ||
| 090 |
_a3964136 _c3964136 |
||
| 100 | _a20121225d2012 u y0rusy50 ca | ||
| 101 | 1 |
_arus _cara |
|
| 102 | _aRU | ||
| 105 | _ay ||||||||| | ||
| 200 | 1 |
_aКоран _eперевод смыслов и комментарии _e[перевод с арабского] _fЭльмир Кулиев |
|
| 205 | _a[Изд. 9-е, стер.] | ||
| 210 |
_aМосква _cЭксмо _cиздатель Эжаев А.К. _d2012 |
||
| 215 |
_a807 с. _d22 |
||
| 225 | 1 |
_aРелигия _iКоран |
|
| 605 |
_aКоран _xКомментарии _91554436 _3RU\NLR\auth\66679202 |
||
| 686 | _aЭ38-210.2 | ||
| 702 | 1 |
_4730 _8rus _7ca _aКулиев _bЭ. Р. оглы _f1975- _gЭльмир Рафаэль оглы _3RU\NLR\auth\7746589 _929524 |
|
| 801 | 0 |
_aRU _bNLR _c20121225 _gRCR |
|
| 801 | 1 |
_aRU _bNLR _c20121225 |
|
| 942 | _cBOOK | ||
| 980 | _aNBR | ||